000 02791nam a22003257a 4500
005 20110811150526.0
010 _aB-428552-560
020 _a9788172238087
_c250.00
035 _aB-428552-560
037 _bResearchco Book Centre
082 _a613.7046
100 1 _aGautier, Namrita.
_933004
245 1 4 _aThe art of healing :
_bPranayama : the breath of life /
_cNamrita Gautier and François Gautier.
260 _aNoida :
_bHarper Collins Publishers India,
_c2010.
270 _aA-53, Sector 57,
_bNoida
300 _axii, 220 p., 16 plates :
_bcol. ill. ;
_c23 cm. (Pbk)
700 1 _aGautier, François,
_d1950-
_932606
942 _2ddc
_cEN
_mGAU
_h613.7046
999 _c55270
_d55270